000 00202nam a22000857a 4500
008 170301b xxu||||| |||| 00| 0 eng d
100 _92970
_aIyengar
245 _aPhysics Quiz
260 _aNew Delhi
_bPPC
_c2012
999 _c6214
_d6214